| 000 | 00420nam a2200145Ia 4500 | ||
|---|---|---|---|
| 008 | 210716s2018 xx 000 0 und d | ||
| 020 | _a9789352808052 | ||
| 041 | _aeng | ||
| 082 | _a374.22 ANAR | ||
| 100 | _aAnand, R. | ||
| 245 |
_aHappiness at work: mindfulness analysis and well being. _bMindfulness analysis and well being. |
||
| 250 | _a1 | ||
| 260 |
_aNew Delhi _bSage Publications _c2018 |
||
| 300 | _axxii,200 | ||
| 999 |
_c211419 _d211419 |
||